000 00295nam a22001337a 4500
008 170714b xxu||||| |||| 00| 0 eng d
020 _a9780534100148
041 _aeng
080 _a101
100 _a24
101 _aFIL
245 _aTHE UNFINISHED CONSTITUTION
_cARTHUR,J
942 _2udc
_cBK
999 _c20803
_d20803